| 000 | 00680nam a2200253Ia 4500 | ||
|---|---|---|---|
| 003 | OSt | ||
| 005 | 20220918170040.0 | ||
| 006 | a|||||r|||| 00| 0 | ||
| 007 | ta | ||
| 008 | 220917b |||||||| |||| 00| 0 eng d | ||
| 020 | _a8187570296 (pbk) | ||
| 024 | _a243,782 | ||
| 037 | _cTextual | ||
| 040 |
_aARTS _cARTS _beng |
||
| 041 |
_2eng _aeng |
||
| 082 | _aQ7xN25, N5 | ||
| 100 |
_aKhan Maulana Wahiduddin _926820 |
||
| 245 | 0 |
_aIslam _b The voice of human nature |
|
| 260 |
_aNew Delhi _b Goodword Books India _c1995 |
||
| 300 |
_a60p _ccm. |
||
| 650 | _aRELIGION | ||
| 942 |
_hQ7xN25, N5 _cTEXL _2CC |
||
| 999 |
_c132381 _d132381 |
||